Návrh monitorovania a riadenia technologickej schémy s využitím WinCC, SIMATIC-u STEP-7 firmy SIEMENS a OS WinXP

Salvato in:
Dettagli Bibliografici
Autore principale: Gatial, Ladislav (Autore)
Altri autori: Dorner, Jozef, 1950- (Relatore della tesi)
Natura: Manoscritto Libro
Lingua:slovacco
Pubblicazione: Bratislava : STU v Bratislave FEI, 2008
Soggetti:
Tags: Aggiungi Tag
Nessun Tag, puoi essere il primo ad aggiungerne!!

MARC

LEADER 00000ntm a22000003a 4500
001 stu171313
005 20160719165115.5
008 081003s2008------------------------slo-d
040 |a STU  |b slo 
041 0 |a slo 
100 1 |a Gatial, Ladislav  |4 aut 
245 1 |a Návrh monitorovania a riadenia technologickej schémy s využitím WinCC, SIMATIC-u STEP-7 firmy SIEMENS a OS WinXP 
260 |a Bratislava :  |b STU v Bratislave FEI,  |c 2008 
300 |a 49 s  |c príl. 
650 7 |a automatizácia  |2 stusub 
650 7 |a robotika  |2 stusub 
700 1 |a Dorner, Jozef,  |d 1950-  |4 ths  |u E010  |T FEI Ústav riadenia a priemyselnej informatiky  |X 4937  |U E010  |Y E010  |7 A000004937